000 00967nmc a2200313 a 4500
003 AR-BaBNM
005 20251128203923.0
008 011101s1992 ||||||||||||||000 | spa||
020 _a950-755-066-6
040 _cAR-BaBNM
100 1 _aVicente, Lidia V.
245 1 0 _aDidáctica matemática en acción
_borientaciones pedagógicas para la educación matemática : desde preescolar al ciclo básico secundario
260 _aBuenos Aires
_bBraga
_c1992
300 0 _a350 p.
_bil.
490 0 _aDidáctica operativa
_vv. 16
500 0 _aPrólogo por las autoras
504 _aBibliografía en p. 349-350
650 4 _aDIDACTICA
650 4 _aMATEMATICA
650 4 _aENSENANZA DE LAS MATEMATICAS
650 4 _aMATEMATICA
653 0 _aEDUCACION PRIMARIA
653 0 _aEDUCACION SECUNDARIA
653 0 _aEDUCACION INICIAL
700 1 _aGerompini de Houssay, Ana C.
800 1 _aPérez Alvarez, Sergio
_edirector
942 _cBK
998 _cCarmen
999 _c5473
_d5473